000 00657nam a2200193Ia 4500
005 20250508151430.0
008 008 250505s9999 xx 000 0 eng d
037 _aTextual
040 _aFEDL
_beng
_cFEDL
041 _aeng
_2eng
084 _a370.9, ROS
_qFEDL
100 _aRossello P
_9759117
245 0 _aForerunners of the international bureau of education : A hitherto unrecorded aspect of the history of education and of internatrional institutions
260 _aLondon, UK
_bThe University of London, Insitute of Education
300 _a117p
650 _aEducation
942 _cTEXL
_h370.9, ROS
999 _c1329753
_d1329753